Responses for show #1799 - Thursday, May 28, 1992

Contestants

Lynn Evans, an interpreter from Richmond, Virginia

Bernard Welt, a teacher from Takoma Park, Maryland

Bob Smith, an engineer from Kinnelon, New Jersey (whose 1-day cash winnings total $9,000)

Jeopardy! Round responses

AROUND THE WORLD
SPORTS FIGURES
MUSEUMS
AUTHORS
GREAT THINGS
COMMON BONDS
    $100 6
French

Bernard
    $100 1
Sugar Ray Leonard

Bob
    $100 9
Las Vegas

Bob
    $100 14
Langhorne

Bernard
    $100 21
arrows

Lynn
    $100 22
kinds of wrestling

Bernard
    $200 7
the Caribbean

Bob
    $200 2
Leo Durocher

Bob
    $200 10
Jefferson Davis

Bernard
    $200 15
Harriet Beecher Stowe

Bernard
    $200 23
the Appalachians

Bob
    $200 30
Tennessees

Lynn
    $300 8
Spain

Lynn
    $300 3
Joe Montana

Bob
    $300 11
the Prado

Bernard
    $300 16
Hemingway

Lynn
    $300 24
(Bernard: Who is Shaw?)

William Shakespeare

Bernard
Triple Stumper
    $300 29
(the original) Mouseketeers

Lynn
    $400 19
Brazil

Lynn
    $400 4
Michael Jordan

Bob
    $400 12
the Hermitage

Bernard
    $400 17
Edward Everett Hale

Bernard
    $400 25
the Great Salt Lake

Bernard
    $400 28
(Alex: They are all well-known [*].)

fashion designers

Triple Stumper
    $500 20
Lanai

Bob
    $500 5
Arthur Ashe

Bob
    $1,000 13
(Bernard: I have always wanted to say this, Alex, let's make this a true Daily Double.)
[...]
(Bernard: What is the Whitney?)
(Alex: Oh, sorry. You picked the wrong one. That's not an odd-shaped museum. [*] however is an odd-shaped museum...)

the Guggenheim

Bernard
    $500 18
E.M. Forster

Bernard
    $500 26
the Great Trek

Bernard
    $500 27
ballets

Bernard

Scores at the first commercial break (after clue 13):

Bob Bernard Lynn
$1,800 $0 $300

Scores at the end of the Jeopardy! Round:

Bob Bernard Lynn
$2,500 $2,400 $1,600

Double Jeopardy! Round responses

FAMOUS SPEECHES
COLLEGES & UNIVERSITIES
THEATRE
TECHNOLOGY
COMPOSERS
HISTORIC IN-LAWS
    $200 6
Patrick Henry

Bob
    $200 23
William and Mary

Lynn
    $200 1
Othello

Lynn
    $200 7
washing machine

Bernard
    $200 9
(Frederick) Loewe

Bob
    $200 14
Ferdinand & Isabella

Bernard
    $400 15
the Checkers speech

Bernard
    $400 24
(Lynn: Who are ex-slaves?)

women

BernardLynn
    $400 2
(Lynn: What is England?)

Scotland

BernardLynn
    $400 8
(Edwin) Land

Bob
    $400 10
Finland

Lynn
    $400 19
Mussolini

Bernard
    $600 16
George Washington

Bernard
    $600 25
(Lynn: What is Indiana?)
(Bob: What is Illinois?)
(Bernard: What is [*]?)
(Alex: Yes, it's in Pittsburgh.)

Pennsylvania

BobBernardLynn
    $600 3
Sweeney Todd

Bernard
    $600 28
RCA (Radio Corporation of America)

Bob
    $1,000 11
(Lynn: Who is Irving Berlin?)
(Alex: Oh, I was afraid you would say that, and it is incorrect, darn it. Correct response, who is [*], "At Long Last Love", darn it, cost you.)

Cole Porter

Lynn
    $600 20
(Lynn: Who is Catherine?)

Marie de Medici

BernardLynn
    $1,000 17
John Brown

Bernard
    $800 26
Rabat

Bernard
    $800 4
Inge

Lynn
    $800 29
(Alex: You get the feeling he invented everything else, [*].)

Thomas Edison

Triple Stumper
    $800 12
Copland

Bob
    $800 21
Augustus

Lynn
    $1000 18
Eugene Debs

Bernard
    $1000 27
Senegal

Bernard
    $1000 5
(Lynn: Who is Tennessee Williams?)

Eugene O'Neill

BernardLynn
    $1000 30
wine and milk (and beer)

Lynn
    $1000 13
Schumann

Lynn
    $1000 22
Powhatan

Lynn

Scores at the end of the Double Jeopardy! Round:

Bob Bernard Lynn
$4,100 $11,600 $3,000
(lock game)

[wagering suggestions for these scores]

Final Jeopardy! Round responses

FOOD & DRINK
LynnWhat is Tab?
$3,000
BobWhat is Tab
$2,000
BernardWhat is Tab?
$1,400
Tab

Final scores:

Bob Bernard Lynn
$6,100 $13,000 $6,000
2nd place: his and her clothing from The Greif Cos. + a Jules J├╝rgensen watch + Jeopardy! 25th Anniversary computer game New champion: $13,000 + Jeopardy! 25th Anniversary computer game 3rd place: Cusinart cappuccino machine + Jeopardy! 25th Anniversary computer game

Game dynamics:

Coryat scores:

Bob Bernard Lynn
$4,100 $12,400 $4,000
14 R,
1 W
27 R
(including 1 DD),
2 W
(including 1 DD)
14 R,
6 W
(including 1 DD)

Combined Coryat: $20,500

The J! Archive is created by fans, for fans. The Jeopardy! game show and all elements thereof, including but not limited to copyright and trademark thereto, are the property of Jeopardy Productions, Inc. and are protected under law. This website is not affiliated with, sponsored by, or operated by Jeopardy Productions, Inc. Join the discussion at JBoard.tv.